000 00618nam a22002537a 4500
003 UA-OsUOA
001 20314
007 ta
008 20031021b un ||||| |||| 00| 0 ukr d
100 _aСавченко Н. А.
090 _a908(282.32)(036)
_bД54
942 _cBK
040 _aUA-OsUOA
_brus
_cUA-OsUOA
_dUA-OsUOA
245 _aДнепр
_bПутеводитель
300 _a360 с.
955 _a0
041 _arus
080 _a908(282.32)(036)
260 _aМосква
_bРечной транспорт
_c1955
246 3 1 _aВып.2
_n
044 _aUA
650 7 _2UDC
999 _c306490
_d306490